| 000 | 00000nam##2200000za#4500 |
| 001 | 9.662185 |
| 003 | CaOODSP |
| 005 | 20200330131522 |
| 007 | ta |
| 008 | 150407|2000||||xxc||||| f|0| 0 eng|d |
| 020 | |a0-662-64885-4 |
| 040 | |aCaOODSP|beng |
| 041 | |aeng |
| 041 | |afre |
| 043 | |an-cn--- |
| 086 | 1 |aMR21-19/2000 |
| 110 | 2 |aCanadian Institutes of Health Research. |
| 245 | 10|aCelebrating the Medical Research Council of Canada : |ba voyage in time, 1960-2000 |
| 260 | |aOttawa - Ontario : |bCanadian Institutes of Health Research |c2000. |
| 300 | |aEnglish text, 24p. : |billus. ; |c15 cm. |
| 500 | |aN.B.: This publication was previously listed in Weekly Checklist 2000 No. 17, April 4, 2000. |
| 546 | |aBilingual |
| 563 | |aSoftcover |
| 590 | |a00-36|b2000-09-08 |
| 690 | 07|aMedical research|2gcpds |
| 690 | 07|aHistory|2gcpds |
| 690 | 07|aCommemoration|2gcpds |
| 776 | 0#|tHommage au Conseil de recherches médicales du Canada : |w(CaOODSP)9.640161 |
| 776 | 0#|tCelebrating the Medical Research Council of Canada : |w(CaOODSP)9.696044 |
| 792 | |tHommage au Conseil de recherches médicales du Canada : |efre|w(CaOODSP)9.662186 |